Talavera poblana (Record no. 427)

MARC details
000 -CABECERA
campo de control de longitud fija 00843nam a2200229 a 4500
001 - NÚMERO DE CONTROL
campo de control BRCA_493
005 - FECHA Y HORA DE LA ÚLTIMA TRANSACCIÓN
campo de control 20190320203032.0
008 - DATOS DE LONGITUD FIJA--INFORMACIÓN GENERAL
campo de control de longitud fija 281105s1999----us-a---###---#000-0#eng-d
020 ## - NÚMERO INTERNACIONAL ESTÁNDAR DEL LIBRO
Número Internacional Estándar del Libro 1879128195
050 #4 - SIGNATURA TOPOGRÁFICA DE LA BIBLIOTECA DEL CONGRESO
Número de clasificación NK4340.T3
Número de documento/Ítem .M37 1999
100 1# - ENTRADA PRINCIPAL--NOMBRE DE PERSONA
Nombre de persona McQuade, Margaret Connors
9 (RLIN) 1699
245 10 - MENCIÓN DE TÍTULO
Título Talavera poblana
Resto del título Four Centuries of a Mexican Ceramic Tradition
Mención de responsabilidad, etc. Margaret Connors McQuade.
260 ## - PUBLICACIÓN, DISTRIBUCIÓN, ETC.
Lugar de publicación, distribución, etc. Nueva York
Nombre del editor, distribuidor, etc. Americas Society
Fecha de publicación, distribución, etc. 1999
300 ## - DESCRIPCIÓN FÍSICA
Extensión 112 p.
Otras características físicas il.
Dimensiones 20 cm.
500 ## - NOTA GENERAL
Nota general Catálogo de la exposición realizada en la Americas Society Art Gallery, 1999
504 ## - NOTA DE BIBLIOGRAFÍA, ETC.
Nota de bibliografía, etc. Bibliografía: p. 111-112
546 ## - NOTA DE LENGUA/LENGUAJE
Nota de lengua/lenguaje Texto en español e inglés
650 14 - PUNTO DE ACCESO ADICIONAL DE MATERIA--TÉRMINO DE MATERIA
Término de materia o nombre geográfico como elemento de entrada Talavera poblana
9 (RLIN) 1700
650 14 - PUNTO DE ACCESO ADICIONAL DE MATERIA--TÉRMINO DE MATERIA
Término de materia o nombre geográfico como elemento de entrada Talavera de puebla
Subdivisión cronológica Siglo XVI al XIX
Subdivisión geográfica México
9 (RLIN) 1701
650 14 - PUNTO DE ACCESO ADICIONAL DE MATERIA--TÉRMINO DE MATERIA
Término de materia o nombre geográfico como elemento de entrada Cerámica mexicana
Subdivisión de forma Exposiciones
Subdivisión geográfica Puebla, México
9 (RLIN) 1702
942 ## - ELEMENTOS DE PUNTO DE ACCESO ADICIONAL (KOHA)
Fuente del sistema de clasificación o colocación Library of Congress Classification
Tipo de ítem Koha Libros
Holdings
Estado de retiro Estado de pérdida Estado dañado No para préstamo Localización permanente Ubicación/localización actual Fecha de adquisición Total de préstamos Signatura topográfica completa Código de barras Fecha visto por última vez Precio válido a partir de Tipo de ítem Koha
El ejemplar forma parte de la colección y puede ser consultado según las políticas vigentes.       Biblioteca del Museo Franz Mayer (Rogerio Casas-Alatriste) Biblioteca del Museo Franz Mayer (Rogerio Casas-Alatriste) 25/06/2008   NK4340.T3 .M37 1999 00793 22/03/2019 22/03/2019 Libros